Philippines: (Record no. 1954)

MARC details
000 -LEADER
fixed length control field 00876nam a22002177a 4500
005 - DATE AND TIME OF LATEST TRANSACTION
control field 20230322065432.0
008 - FIXED-LENGTH DATA ELEMENTS--GENERAL INFORMATION
fixed length control field 230322b |||||||| |||| 00| 0 eng d
020 ## - INTERNATIONAL STANDARD BOOK NUMBER
International Standard Book Number 978-971-9931-07-2
082 ## - DEWEY DECIMAL CLASSIFICATION NUMBER
Classification number G.R. 595.3 N213 2017
100 ## - MAIN ENTRY--PERSONAL NAME
Personal name Quinitio, Emilia T.
Relator term editor
245 ## - TITLE STATEMENT
Title Philippines:
Remainder of title In the forefront of the mud crab industry development /
Statement of responsibility, etc. Emilia T. Quinitio, Fe Dolores Parado - Estepa, Rilicardo M. Coloso
260 ## - PUBLICATION, DISTRIBUTION, ETC.
Place of publication, distribution, etc. Tigbawan, Iloilo:
Name of publisher, distributor, etc. Southeast Asian Fisheries Development Center,
Date of publication, distribution, etc. c2017.
300 ## - PHYSICAL DESCRIPTION
Extent vii, 186p.;
Other physical details col. ill.
541 ## - IMMEDIATE SOURCE OF ACQUISITION NOTE
Accession number 6370
650 ## - SUBJECT ADDED ENTRY--TOPICAL TERM
Topical term or geographic name entry element Crab culture - Philippines - Congresses
650 ## - SUBJECT ADDED ENTRY--TOPICAL TERM
Topical term or geographic name entry element Scylla (Crustacea) - Breeding - Philippines - Congresses
650 ## - SUBJECT ADDED ENTRY--TOPICAL TERM
Topical term or geographic name entry element Scylla (Crustacea) - Feeding and feeds
650 ## - SUBJECT ADDED ENTRY--TOPICAL TERM
Topical term or geographic name entry element Scylla (Crustacea) - Diseases
700 ## - ADDED ENTRY--PERSONAL NAME
Personal name Estepa, Fe Dolores P.
Relator term editor
700 ## - ADDED ENTRY--PERSONAL NAME
Personal name Coloso, Rilicardo M.
Relator term editor
Holdings
Withdrawn status Lost status Source of classification or shelving scheme Damaged status Not for loan Home library Current library Date acquired Total Checkouts Full call number Barcode Date last seen Copy number Price effective from Koha item type
    Dewey Decimal Classification     ctu-moalboal ctu-moalboal 10/14/2019   G.R. 595.3 N213 2017 6370 03/22/2023 1 03/22/2023 Books-General Reference